Desarrollo y subdesarrollo

Պահպանված է:
Մատենագիտական մանրամասներ
Հիմնական հեղինակ: Furtado, Celso (Հեղինակ)
Ձևաչափ: Գիրք
Լեզու:իսպաներեն
Հրապարակվել է: Buenos Aires EUDEBA 1964
Շարք:Lectores de EUDEBA, 53
Խորագրեր:
Ցուցիչներ: Ավելացրեք ցուցիչ
Չկան պիտակներ, Եղեք առաջինը, ով նշում է այս գրառումը!

MARC

LEADER 00000nam a2200000 a 4500
001 UCZ6131
003 CL-VaPUC
008 951201e19640000AG |||||||||||||||||spa|d
082 0 4 |a 338.9  |b FUR  |2 21 
100 0 |a Furtado, Celso  |e author  |9 350354 
245 1 0 |a Desarrollo y subdesarrollo 
300 |a 247 p 
942 |c BK 
945 |d 19951201 00:00:00  |a cmena 
260 |a Buenos Aires  |b EUDEBA  |c 1964 
650 0 |a Desarrollo económico y social   |9 256320 
650 7 |a PAISES DESARROLLADOS  |2 CL-VaPUC  |9 338233 
650 0 |a Países en desarrollo  |9 259663 
650 0 |a Industrialización  |9 263687 
583 |a last modification  |c 19951201 00:00:00  |k Rodrigo Vera 
490 0 |a Lectores de EUDEBA, 53 
999 |c 242387  |d 242385 
952 |0 0  |1 0  |4 0  |6 338_900000000000000_FUR_1964  |7 0  |8 P  |9 255277  |a BIBEDU  |b BIBEDU  |c BIBEDU_PB  |d 2019-11-19  |i 1579967  |o 338.9 FUR 1964  |p 1579967  |r 2024-01-25  |w 2019-11-19  |y BK  |k FIL 
952 |0 0  |1 0  |4 0  |6 338_900000000000000_FUR_1964  |7 0  |8 A  |9 255278  |a BIBENE  |b BIBENE  |d 2019-11-19  |i 1998412  |o 338.9 FUR 1964  |p 1998412  |r 2025-01-15  |w 2019-11-19  |y BK  |k ICO 
952 |0 0  |1 0  |4 0  |6 338_900000000000000_FUR_1964  |7 0  |8 A  |9 255279  |a BIBENE  |b BIBENE  |d 2019-11-19  |i 1998463  |o 338.9 FUR 1964  |p 1998463  |r 2025-01-15  |w 2019-11-19  |y BK  |k ICO 
952 |0 0  |1 0  |4 0  |6 338_900000000000000_FUR_1964  |7 0  |8 A  |9 255280  |a BIBENE  |b BIBENE  |d 2019-11-19  |i 1998560  |o 338.9 FUR 1964  |p 1998560  |r 2025-01-15  |w 2019-11-19  |y BK  |k ICO